000 00320nam a22001457a 4500
008 221202b ||||| |||| 00| 0 eng d
020 _a9781635634297
041 _aeng
080 _a611
082 _a611PAR
100 _a10
101 _aANATO
245 _aANATOMY PHYSIOLOGY ESSENTIALS
_cPARK T
942 _2udc
_cBK
999 _c59070
_d59070